BIBLIOTECA PODER JUDICIAL
Portal Judicial TDF

Procedimiento de Mediación Prejudicial en Materia de Salud (PROMESA) : (Registro nro. 5519)

000 -LEADER
fixed length control field 01522nab a22002297a 4500
003 - CONTROL NUMBER IDENTIFIER
control field OSt
005 - DATE AND TIME OF LATEST TRANSACTION
control field 20251210160143.0
008 - FIXED-LENGTH DATA ELEMENTS--GENERAL INFORMATION
fixed length control field 190604e xxu||||| |||| 00| 0 spa d
040 ## - CATALOGING SOURCE
Transcribing agency PJ
100 ## - MAIN ENTRY--PERSONAL NAME
Personal name Díaz, Ana Inés
9 (RLIN) 6501
245 13 - TITLE STATEMENT
Title Procedimiento de Mediación Prejudicial en Materia de Salud (PROMESA) :
Remainder of title descripción normativa de un abordaje basado en el diálogo /
Statement of responsibility, etc Ana Inés Díaz.
260 ## - PUBLICATION, DISTRIBUTION, ETC. (IMPRINT)
Place of publication, distribution, etc Ciudad Autónoma de Buenos Aires :
Name of publisher, distributor, etc Thomson Reuters La Ley,
Date of publication, distribution, etc 2025.
300 ## - PHYSICAL DESCRIPTION
Extent p. 104-109
500 ## - GENERAL NOTE
General note Cita Online: TR LALEY AR/DOC/2416/2025.<br/>
505 ## - FORMATTED CONTENTS NOTE
Formatted contents note Sumario: I. Encuadre normativo.— II. Contexto y fundamentación de la creación del PROMESA.— III. Principios y objetivos fundamentales del PROMESA.— IV. Ámbito de aplicación y restricciones.— V. Procedimiento de iniciación y desarrollo de la mediación.— VI. Participación del Estado nacional (Ministerio de Salud).— VII. Derivación judicial al PROMESA.— VIII. Remuneración de los mediadores.— IX. Formación y habilitación de mediadores en materia de salud.— X. Monitoreo y fiscalización del PROMESA.— XI. Consideraciones finales.
505 ## - FORMATTED CONTENTS NOTE
Title ¿Te interesa el texto completo? Solicitalo al correo: koha@justierradelfuego.gov.ar
650 #0 - SUBJECT ADDED ENTRY--TOPICAL TERM
9 (RLIN) 1253
Topical term or geographic name as entry element DERECHO A LA SALUD
650 #0 - SUBJECT ADDED ENTRY--TOPICAL TERM
9 (RLIN) 269
Topical term or geographic name as entry element MEDIACION
650 #0 - SUBJECT ADDED ENTRY--TOPICAL TERM
9 (RLIN) 3273
Topical term or geographic name as entry element MEDICINA PREPAGA
773 0# - HOST ITEM ENTRY
Host Biblionumber 2714
Host Itemnumber 3171
Place, publisher, and date of publication Ciudad Autónoma de Buenos Aires : Thomson Reuters La Ley, 2014-
Title Revista anales de legislación argentina. Nº 10- Octubre 2025.
942 ## - ADDED ENTRY ELEMENTS (KOHA)
Source of classification or shelving scheme
Koha item type Analítica Artículo de Revista

No hay ítems disponibles.

12 de Octubre 789 Ushuaia - Tel:  54(02901)441571
Horario de Atención: 8.00 a 17.00 hs. 
bibliotecaush@justierradelfuego.gov.ar
koha@justierradelfuego.gov.ar
Seguinos en nuestras redes @bibliojustdf 

Con tecnología Koha